000 00570nam a22001817a 4500
005 20240110092038.0
008 231031b |||||||| |||| 00| 0 eng d
020 _a0702129283
041 _aEnglish
082 _a346.7
100 _aForsyth, CF and Pretorius, JT
_lEnglish
245 _aCaney's The Law of Suretyship /
_cCF Forsyth and JT Pretorius
250 _aFifth Edition
260 _aCape Town :
_bJuta and Company Ltd,
_c1992
300 _bxxi, 216 pages ;
_c25, 6 cm.
650 _alegal practice
_bLaw
942 _cBK
_6ALISON_BN_VRIES
999 _c178
_d178